000 01107cab a2200325 4500
001 ABS59040
008 090401t1998 xxu||||| |||| 00| 0 eng d
035 _a(Sirsi) u87487
041 _aeng
100 _aJones, P.
245 4 _aThe route to energy targets?
260 _c1998
350 _a0
490 _aBuilding Services Journal
_v20(7) July 1998, 37(1)
520 _aConsiders the need to balance architecture and engineering, in both refurbishment of existing buildings and design of new ones, if reductions in greenhouse gases are to be achieved. Discusses the use of design targets and the use of energy trees to provide a breakdown of a building`s annual energy consumption.
650 _aDESIGN TARGETS
650 _aENERGY EFFICIENCY
650 _aENERGY TREES
650 _aENVIRONMENTAL IMPACT
650 _aFUEL CONSUMPTION
650 _aLIGHTING LOAD
650 _aMECHANICAL VENTILATION
650 _aNEW BUILD
650 _aRefurbishment
_96264
690 _aENERGY
_96237
700 _aBordass, B.
700 _aField, J.
942 _n0
948 _c17/07/1998
999 _c55185
_d55185